| 000 | 01218nam a2200253 a 4500 | ||
|---|---|---|---|
| 003 | OSt | ||
| 005 | 20231023091907.0 | ||
| 008 | 231023s2020 mx a|||| |||| 001 0 spa d | ||
| 020 | _a978-607-12-0574-2 | ||
| 040 | _cCHAP | ||
| 090 | _aCD 508 | ||
| 245 |
_aEducación ambiental y cambio climatico : _brepercusiones, perspectivas y experiencias locales / _hcoordinado por Oswaldo Rahmses Castro Martínez, Erasmo Velázquez Cigarroa y Enriqueta Tello García. |
||
| 264 |
_aChapingo, México : _bUniversidad Autónoma Chapingo, _c2020. |
||
| 300 |
_a451 páginas. _bimagenes, tablas, figuras. |
||
| 504 | _aIncluye referencias bibliográficas páginas : 33-35,48-50,67-72,86-88,101-103,114-115,131-132,148-149,165-166,178-179,194-196,212,224-227,247-249,262-263,277-279,296-299,313-314,330-332,346-348,361-363,376,378-392-395,413-414,427-429. | ||
| 650 | 7 |
_935556 _aEducación ambiental |
|
| 650 | 7 |
_917792 _aCambios climáticos |
|
| 650 | 7 |
_974069 _aMedio ambiente _xContaminación |
|
| 700 | 1 |
_9130484 _aCastro Martínez, Oswaldo Rahmses _eCoordinador. |
|
| 700 | 1 |
_9128864 _aVelázquez Cigarroa, Erasmo _eCoordinador. |
|
| 700 | 0 |
_9112101 _aTello García, Enriqueta _eCoordinador. |
|
| 942 | _2local | ||
| 942 | _cCD | ||
| 999 |
_c219304 _d219304 |
||